000 00911nam a2200265Ia 4500
003 OSt
005 20220923211047.0
006 a|||||r|||| 00| 0
007 ta
008 220922b |||||||| |||| 00| 0 hin d
020 _a8176671649 (hbk)
_c400
024 _a274,633
037 _b151, 29/08/2013, Swaraj Prakashan
_cTextual
040 _aARTS
_cARTS
_bhin
041 _2hin
_ahin
082 _aO152:g(Y15), P9
100 _aपाठक, विनय कुमार
_9157764
245 0 _aस्त्री विमर्श
246 _aStrī vimarsha
260 _aदिल्ली
_b भावना प्रकाशन
_c2009
300 _a312पृ.
_ccm.
650 _aहिन्दी साहित्य
_9156264
942 _hO152:g(Y15), P9
_cTEXL
_2CC
999 _c294684
_d294684